The Political economy of agricultural pricing policy / (Record no. 16547)

000 -LEADER
fixed length control field 00509nam a2200181 a 4500
020 ## - INTERNATIONAL STANDARD BOOK NUMBER
ISBN 0801840309 (set)
040 ## - CATALOGING SOURCE
Transcribing agency DLC
082 00 - DEWEY DECIMAL CLASSIFICATION NUMBER
Classification number 338 BAN 1991 A108 Or.
245 04 - TITLE STATEMENT
Title The Political economy of agricultural pricing policy /
300 ## - PHYSICAL DESCRIPTION
Number of Pages <1-3 > :
Other physical details illustrations ;
Dimensions 25 cm
490 1# - SERIES STATEMENT
Series statement A World Bank comparative study
650 #0 - SUBJECT ADDED ENTRY--TOPICAL TERM
Topical Term Agricultural prices
650 #0 - SUBJECT ADDED ENTRY--TOPICAL TERM
Topical Term Agricultural prices
700 1# - ADDED ENTRY--PERSONAL NAME
Personal name Krueger, Anne O
700 1# - ADDED ENTRY--PERSONAL NAME
Personal name Schiff, Maurice W
700 1# - ADDED ENTRY--PERSONAL NAME
Personal name Vald©♭s, Alberto,
942 ## - ADDED ENTRY ELEMENTS (KOHA)
Koha item type សៀវភៅភាសាអង់គ្លេស
952 ## - LOCATION AND ITEM INFORMATION (KOHA)
Withdrawn status [LOCAL, KOHA] 0
Holdings
Permanent Location Date acquired Koha item type Lost status Shelving location Barcode Current Location Full call number
Library Block A2018-03-05សៀវភៅភាសាអង់គ្លេស A108A21208Library Block A338 BAN 1991 A108 Or.
មជ្ឈមណ្ឌលឯការនៃសាកលវិទ្យាល័យភូមិន្ទកសិកម្មចំការដូង

Powered by Koha